000 00682cam a22002171 4500
001 ca 36001108
003 DLC
005 20260227111142.0
008 890829s1929 ohu j 000 0 eng
010 _aca 36001108
035 _a(OCoLC)20273914
040 _aDLC
_cRPB
_dDLC
042 _apremarc
050 0 0 _aPN6120.A5
_bQ3
082 _a371.8952
100 1 _aQuackenbush, Edith M.
245 1 4 _aThe amateur fireman;
_ba play for the children from the fifth to the eigth grade for fire prevention week,
_cby Edith M. Quackenbush ...
260 _aFranklin, O.,
_bEldridge Entertainment House, Inc.,
_cc1929.
300 _a10 p.
_c19 cm.
490 0 _aEldridge juvenile plays
999 _c18197
_d18197